000 00716nam a2200217 i 4500
001 30100
003 ES-MaACL
005 20230906154134.0
007 t|
008 030123s1826 sp ||||1| spa d
100 1 _aBarra, Francisco Javier.
_925805
245 1 0 _aMemoria sobre la construcción del pavimento de los caminos /
_cpor Francisco Xavier Barra.
260 _aMadrid :
_b[s.n.],
_c1826 (
_fImprenta Real)
300 _a88 p., [1] h. de plan. pleg. ;
_c4º.
597 _aSign.: [1]-11,4.
599 _aLa hoja de lámina es un grabado calcográfico.
650 4 _aPavimentos.
_9199024
650 4 _aCaminos-
_xDiseño y construcción.
_9170762
852 _aES-MaACL
_jT-674-F-8
999 _c30100
_d30100